| 000 | 00856nas a2200277 454500 | ||
|---|---|---|---|
| 001 | 41517 | ||
| 005 | 20260407193510.0 | ||
| 008 | 260407s2008####ag###########|||spa#d | ||
| 003 | AR-UNSa-BCEJYS | ||
| 040 |
_aAR-UNSa-BCEJYS _bspa _cAR-UNSa-BCEJYS |
||
| 080 |
_a349 _xRamas especiales del derecho. Materias legales varias |
||
| 245 | 1 | 0 | _aAnuario de derecho del fútbol |
| 022 | _a1851-9857 | ||
| 264 | 1 |
_aBuenos Aires : _bAD-HOC _c2008 |
|
| 310 | _aFrecuencia: Anual | ||
| 041 | _aspa | ||
| 942 | _cSER | ||
| 590 | _aniveau_biblio:s niveau_hierar:1 | ||
| 100 | 1 | _aUniversidad Austral. Facultad de Derecho | |
| 700 | 1 | _aAlbano Abreu, Gustavo | |
| 700 | 1 | _aLozano, Gabriel César | |
| 650 | _aCultura | ||
| 650 | _aDerecho | ||
| 650 | _aFUTBOL | ||
| 856 | 4 | 1 |
_uhttps://biblioeco.unsa.edu.ar/pmb/images/revistas/R20710.jpg _yImagen de portada _qimage/jpeg |
| 999 |
_c8880 _d8880 |
||